Vallejo sin fronteras / (Registro nro. 10890)
[ vista simple ]
| 000 -LIDER | |
|---|---|
| fixed length control field | 00694nam a22002297a 4500 |
| 001 - NÚMERO DE CONTROL | |
| Identificador de número de control | 000387 |
| 003 - IDENTIFICACDOR DE NÚMERO DE CONTROL | |
| control field | DO-SdBNP |
| 005 - DATE AND TIME OF LATEST TRANSACTION | |
| control field | 20180205153133.0 |
| 007 - CAMPOS FIJOS DE DESCRIPCIÓN FÍSICA | |
| fixed length control field | 000387 |
| 008 - ELEMENTOS DE LONGITUD FIJA | |
| fixed length control field | 160715b 2010 pe ||||| |||| 00| 0 spa d |
| 020 ## - ISBN | |
| International Standard Book Number | 9786124573316 |
| 040 ## - FUENTE DE CATALOGACIÓN | |
| Agencia que crea de manera original el registro | BPMSU |
| Idioma de catalogación | spa |
| Agencia que realiza la transcripción | BPMSU |
| 092 ## - LOCALLY ASSIGNED DEWEY DECIMAL CALL NUMBER | |
| Número de clasificación | xxxxxx |
| Número de ítem (Cutter) | xxxxxx |
| 100 1# - ASIENTO PRINCIPAL -- NOMBRE PERSONAL | |
| Nombre personal | Granados, Pedro |
| 245 10 - MENCIÓN DE TITULO | |
| Título | Vallejo sin fronteras / |
| Mención de responsabilidad | Pedro Granados. |
| 260 ## - PUBLICACIÓN, DISTRIBUCIÓN, ETC. (PIE DE IMPRENTA) | |
| Lugar de publicación, distribución, etc | Lima, Perú : |
| Nombre del editor, distribuidor, etc. | Arcadia: |
| -- | Espacio Culturales, |
| Fecha de publicación, distribución, etc | 2010. |
| 300 ## - DESCRIPCIÓN FÍSICA | |
| Extensión | 114 p. ; |
| Dimensiones | 21 cm. |
| 500 ## - NOTA GENERAL | |
| Nota general | Incluye datos biográficos del autor en la solapa de la contracubierta. |
| 942 ## - ADDED ENTRY ELEMENTS (KOHA) | |
| Source of classification or shelving scheme | Dewey Decimal Classification |
| Koha item type | Libros |
| 945 ## - INFORMACIÓN DE PROCESAMIENTO LOCAL | |
| Información de procesamiento local | Inventariado, 2018 / BT |
| 956 ## - LOCAL ELECTRONIC LOCATION AND ACCESS (OCLC) | |
| Método de acceso | LOPEREZ |
| Materiales especificados | 10 |
| Enlace | 20160715 |
| Campo enlazado y núm. de secuencia | BPMSU |
| Nombre de host | 00041 |
| Withdrawn status | Lost status | Source of classification or shelving scheme | Damaged status | Not for loan | Collection code | Home library | Current library | Date acquired | Source of acquisition | Total Checkouts | Barcode | Date last seen | Price effective from | Koha item type |
|---|---|---|---|---|---|---|---|---|---|---|---|---|---|---|
| Dewey Decimal Classification | Colección General | Biblioteca Pública Metropolitana Salomé Ureña | Biblioteca Pública Metropolitana Salomé Ureña | 07/15/2016 | Pedro Granados | BPMSU16070481 | 07/15/2016 | 07/15/2016 | Libros |